000 00490nam a2200193Ia 4500
003 0100
008 130303s9999 xx 000 0 und d
040 _cARRUPELIB
050 _aBX2179.L8O85 1984
245 4 _aThe Spiritual Exercises of ST. Ignatius Loyola
245 _bsocial. psychological scriptural. pastoral
250 _a2nd ed.
260 _aRome
260 _bCentrum Ignatianum Spiritualitatis
260 _C1984
300 _a216p.
300 _b 25cm.
942 0 0 _02
999 _c24199
_d24199